000 00301nam a22001337a 4500
008 181030b xxu||||| |||| 00| 0 eng d
020 _a9781591021025
041 _aeng
080 _a101
100 _a24
101 _aFIL
245 _aAgainst Cartesian Philosophy
_cLennon, Th. M
942 _2udc
_cBK
999 _c51154
_d51154